00596cam a22001337a 4500008004000000082001800040100007800058245013000136260007200266300001000338500002800348700005700376700002900433180718b1969 xxu||||| |||| 00| 0 eng d aZ29x5412 B436 aWest Bengal. Enquiry Committee on the Greater Calcutta Milk Supply Scheme aTalukdar Enquiry Committee report on the Greater Calcutta Milk Supplycby Animal Husbandry and Veterinary Services Department aCalcuttabAnimal Husbandry and Veterinary Services Departmentc1969 a76+p. aChairman: J.N. Talukdar aWest Bengal. Animal Husbandry and Veterinary Service aTalukdar, J.N.(Chairman)